| 000 | 01078nam a2200229Ia 4500 | ||
|---|---|---|---|
| 001 | 15221 | ||
| 005 | 20260420145452.0 | ||
| 008 | 260306t2006||||xx |||||||||||||| ||spa|| | ||
| 041 | _aESP | ||
| 082 |
_a530.141 _bB94 |
||
| 100 |
_aBurbano de Ercilla, Santiago _eAUT |
||
| 245 | 0 |
_aFísica general: _belectromagnetismo, electrónica, óptica, relatividad y física atómica |
|
| 260 | _c2006 | ||
| 300 | _c29 cm. | ||
| 650 | _aGEN | ||
| 654 | _aCCN | ||
| 856 |
_uhttps://itmsp.museknowledge.com/UCSP?url=https://www.ebooks7-24.com:443/?il=4088&pg=1 _zVéase además: Física general, por José María De Juana. Versión digital |
||
| 856 |
_uhttps://0u213x84d-y-https-ebooks7--24-com.itmsp.museknowledge.com/biblioteca.aspx _zVéase además: Base de datos Ebook7-24 |
||
| 856 |
_uhttps://0u20fx84j-y-https-research-ebsco-com.itmsp.museknowledge.com/c/qxo6us/search _zVéase además: Base de datos EBSCOhost |
||
| 856 |
_uhttps://0u20yx84z-y-https-www-bibliotechnia-com-mx.itmsp.museknowledge.com/ _zVéase además: Base de datos BiblioTechnia |
||
| 942 |
_cLIB _dJUS _fJUS _2ddc |
||
| 999 |
_c15221 _d15221 |
||